Έγχρωμη μεθοδική εγκυκλοπαίδεια μαθηματικών

Αποθηκεύτηκε σε:
Λεπτομέρειες βιβλιογραφικής εγγραφής
Μορφή: Βιβλίο
Γλώσσα:Greek
German
Δημοσίευση: Αθήναι : Παγουλάτος, 1973-1975.
Θέματα:
Ετικέτες: Προσθήκη ετικέτας
Δεν υπάρχουν, Καταχωρήστε ετικέτα πρώτοι!

MARC

LEADER 00000cam a2200000 i 4500
001 1/99664
008 081217m19731975gr | ||| |||| ||gre||
035 |l 10102551 
040 |a GR-MyUA  |b gre  |e AACR2 
041 1 |a gre  |h ger 
082 0 |a 510.3  |2 (22) 
245 1 0 |a Έγχρωμη μεθοδική εγκυκλοπαίδεια μαθηματικών 
260 |a Αθήναι :   |b Παγουλάτος,   |c 1973-1975.  
300 |a 5 τ. :   |b εικ. ;   |c 24 εκ.  
505 0 |a Τ. 1 Στοιχειώδη μαθηματικά -- τ. 2 Γεωμετρία του επιπέδου, γεωμετρία του χώρου -- τ. 3 Παραστατική γεωμετρία, γωνιομετρία, επίπεδος τριγωνομετρία, σφαιρική τριγωνομετρία, αναλυτική γεωμετρία επιπέδου -- τ. 4 Εισαγωγή εις τα ανώτερα μαθηματικά -- τ. 5 Εισαγωγή εις τα ανώτερα μαθηματικά και συνοπτική έκθεσις ειδικών κεφαλαίων.  
500 |a Τίτλος πρωτοτύπου: Kleine Enzyklopadie Mathematik.  
650 0 0 |a Mathematics  |x Encyclopedias. 
650 0 0 |a Algebra  |x Encyclopedias. 
650 0 0 |a Geometry  |x Encyclopedias. 
650 0 0 |a Trigonometry  |x Encyclopedias. 
740 0 2 |a Στοιχειώδη μαθηματικά 
740 0 2 |a Γεωμετρία του επιπέδου, γεωμετρία του χώρου 
740 0 2 |a Παραστατική γεωμετρία, γωνιομετρία, επίπεδος τριγωνομετρία, σφαιρική τριγωνομετρία, αναλυτική γεωμετρία επιπέδου 
740 0 2 |a Εισαγωγή εις τα ανώτερα μαθηματικά 
740 0 2 |a Εισαγωγή εις τα ανώτερα μαθηματικά και συνοπτική έκθεσις ειδικών κεφαλαίων 
852 |a INST  |b SAMOS  |c MAG  |e 20081217  |h 510.3 ΕΓΧ  |p 005300029572  |q 005300029572  |t BK  |v τ.5:  |y 0  |z τ.5 
852 |a INST  |b SAMOS  |c MAG  |e 20081217  |h 510.3 ΕΓΧ  |p 005300029573  |q 005300029573  |t BK  |v τ.4:  |y 0  |z τ.4 
852 |a INST  |b SAMOS  |c MAG  |e 20081217  |h 510.3 ΕΓΧ  |p 005300029574  |q 005300029574  |t BK  |v τ.3:  |y 0  |z τ.3 
852 |a INST  |b SAMOS  |c MAG  |e 20081217  |h 510.3 ΕΓΧ  |p 005300029575  |q 005300029575  |t BK  |v τ.2:  |y 0  |z τ.2 
852 |a INST  |b SAMOS  |c MAG  |e 20081217  |h 510.3 ΕΓΧ  |p 005300029576  |q 005300029576  |t BK  |v τ.1:  |y 0  |z τ.1 
853 |a INST  |b SAMOS  |c MAG  |h 510.3 ΕΓΧ 
901 |a BIBL3-2008-3 
909 |a Σ  |b 155403 
909 |a Σ  |b 155404 
909 |a Σ  |b 155405 
909 |a Σ  |b 155406 
909 |a Σ  |b 155407 
970 |a ΡΟΥΣΣΟΥ  |b ΚΩΝΣΤΑΝΤΙΝΑ  |z 2008/12/17